Tārīkh-i Hind par naʼī raushnī. (Record no. 77921)

MARC details
000 -LEADER
fixed length control field 00801cam a22002651 4500
001 - CONTROL NUMBER
control field sa 68001404
003 - CONTROL NUMBER IDENTIFIER
control field DLC
005 - DATE AND TIME OF LATEST TRANSACTION
control field 20260227112433.0
008 - FIXED-LENGTH DATA ELEMENTS--GENERAL INFORMATION
fixed length control field 890914s1962 ii b 000 0 urdr
010 ## - LIBRARY OF CONGRESS CONTROL NUMBER
LC control number sa 68001404
035 ## - SYSTEM CONTROL NUMBER
System control number (OCoLC)20339686
040 ## - CATALOGING SOURCE
Original cataloging agency DLC
Transcribing agency WaU
Modifying agency DLC
041 0# - LANGUAGE CODE
Language code of text/sound track or separate title urdara
043 ## - GEOGRAPHIC AREA CODE
Geographic area code a-ii---
050 00 - LIBRARY OF CONGRESS CALL NUMBER
Classification number DS459.5
Item number .I2 1962
100 2# - MAIN ENTRY--PERSONAL NAME
Personal name Ibn Faḍl Allāh al-ʻUmarī, Aḥmad ibn Yaḥyá,
Dates associated with a name 1301-1349.
245 10 - TITLE STATEMENT
Title Tārīkh-i Hind par naʼī raushnī.
260 ## - PUBLICATION, DISTRIBUTION, ETC.
Place of publication, distribution, etc. Delhi,
Date of publication, distribution, etc. [1962]
300 ## - PHYSICAL DESCRIPTION
Extent 4, 62, 96 p.
Other physical details maps.
Dimensions 25 cm.
500 ## - GENERAL NOTE
General note Arabic and Urdu.
600 00 - SUBJECT ADDED ENTRY--PERSONAL NAME
Personal name Muhammad Shah Tughluq
Numeration I,
Dates associated with a name -1351.
651 #0 - SUBJECT ADDED ENTRY--GEOGRAPHIC NAME
Geographic name India
General subdivision Politics and government
Chronological subdivision 997-1765.
700 1# - ADDED ENTRY--PERSONAL NAME
Personal name Fariq, Kurshid Ahmad,
Dates associated with a name 1920-
740 0# - ADDED ENTRY--UNCONTROLLED RELATED/ANALYTICAL TITLE
Uncontrolled related/analytical title Ḍawʼ jadīd ʻalā tārīkh al-Hind.

No items available.

Powered by Koha